000 00294nam a22001337a 4500
008 170922b xxu||||| |||| 00| 0 eng d
020 _a9780312447038
041 _aeng
080 _27 ED
_a37
100 _a46
101 _aEDU
245 _aRERADING AMERICA
_cCOLOMBO.G
942 _2udc
_cBK
999 _c29099
_d29099